00622nam a2200181Ia 4500003000400000005001700004008004100021040000700062041001200069082001600081100006100097245019200158260002000350300001600370365001200386650002300398650001900421OSt20251128110130.0210719s2005 xx 000 0 und d cAL aKannada aK894.1 MAHG aMAHADEVAPPA (C)dಮಹಾದೇವಪ್ಪ (ಸಿ) aGubbi shantesha virachita tontada siddheshvara puranabಗುಬ್ಬಿ ಶಾಂತೇಶ ವಿರಚಿತ ತೋಂಟದ ಸಿದ್ಧೇಶ್ವರ ಪುರಾಣ  aBengaluruc2005 av---304bPB b150cRs aKannada literature aKannada Poetry